| 000 | 01355nam a22004217a 4500 | ||
|---|---|---|---|
| 001 | BR2022000465 | ||
| 003 | BR-BrBNA | ||
| 005 | 20230928105645.0 | ||
| 007 | ta | ||
| 008 | 230509b bl.||||| |||| 00| 0 por d | ||
| 020 | _a978-85-63667-46-5 | ||
| 040 |
_aBR-BrBNA _bpor _cBiblioteca Nacional de Agricultura |
||
| 041 | _a(Por) | ||
| 072 |
_aL01; E16; J15 _b8946 |
||
| 090 | _ 8946 BR2022000465 | ||
| 100 | 1 | _aAlmeida, E.L.D. | |
| 100 | 1 | _aAfonso Filho, J. | |
| 100 | 1 | _aSaldan, J.D. | |
| 100 | 1 | _aPádua, O. da S. | |
| 110 | 1 |
_aInstituto Paranaense de Assistência Técnica e Extensão Rural, Curitiba, PR (Brasil) _96553 |
|
| 245 | 1 | _aResultados do acompanhamento das unidades de referência em seda na região noroeste do Paraná safra 2014-2015: uma visão da realidade do sistema de produção da seda como opção de renda e melhoria da qualidade de vida na área rural | |
| 250 | 1 | _a1. ed. | |
| 260 | 3 |
_aCuritiba, PR (Brasil): _c2015. |
|
| 300 | _a16 p. | ||
| 500 | _a1 ref.; 12 illus.; 1 table; 6 graphs | ||
| 650 | _aSEDA | ||
| 650 | _aBICHO DA SEDA | ||
| 650 | _aINSETO | ||
| 650 | _aCASULO | ||
| 650 | _aSERICICULTURA | ||
| 650 | _aMANEJO | ||
| 650 | _aPRODUTIVIDADE | ||
| 650 | _aCUSTO DE PRODUÇÃO | ||
| 650 | _aRENDA | ||
| 650 | _aPROCESSAMENTO | ||
| 909 |
_a202309 _bLucia _c55 _dLucia Elande |
||
| 942 | _cBK | ||
| 999 |
_c86071 _d86071 |
||